[Event "306th YMCA Autumn A"]
[Site "Warsaw"]
[Date "2025.10.22"]
[Round "5"]
[White "Warszawski, Bartosz"]
[Black "Chrzaszcz, Malvina"]
[Result "1-0"]
[WhiteElo "2118"]
[BlackElo "1955"]
[PlyCount "87"]
[EventDate "2025.09.26"]
[EventType "tourn"]
[EventRounds "1"]
[EventCountry "POL"]
[SourceDate "2025.10.01"]

1. e4 c5 2. Nf3 d6 3. d4 cxd4 4. Nxd4 Nf6 5. Nc3 a6 6. Be2 e5 7. Nb3 Be7 8. O-O
Be6 9. f4 exf4 10. Bxf4 Nc6 11. Bf3 Ne5 12. Nd5 Nfg4 13. Nxe7 Qxe7 14. Nd4 g5
15. Nxe6 Qxe6 16. Bxg5 Rg8 17. Bf4 h5 18. h3 O-O-O 19. Qd4 Kb8 20. Be2 Nf6 21.
Kh1 Nc6 22. Qc4 Nxe4 23. Qxe6 fxe6 24. Bxh5 Nd4 25. c3 Nf5 26. Kh2 Nfg3 27.
Rfe1 Nxh5 28. Rxe4 e5 29. Be3 Ng3 30. Rg4 Rxg4 31. hxg4 Ne2 32. g3 d5 33. Re1
d4 34. Rxe2 dxe3 35. Rxe3 Rd2+ 36. Kh3 Rxb2 37. Rxe5 Rxa2 38. g5 Rd2 39. g6 Rd8
40. Kg4 b6 41. Re7 a5 42. g7 a4 43. Rf7 a3 44. Rf8 1-0

[Event "306th YMCA Autumn A"]
[Site "Warsaw"]
[Date "2025.10.23"]
[Round "5"]
[White "Korsun, Wadym"]
[Black "Kowalski, Witold"]
[Result "1/2-1/2"]
[WhiteElo "1994"]
[BlackElo "2077"]
[PlyCount "46"]
[EventDate "2025.09.26"]
[EventType "tourn"]
[EventRounds "1"]
[EventCountry "POL"]
[SourceDate "2025.10.01"]

1. e4 c5 2. Nf3 Nc6 3. d4 cxd4 4. Nxd4 g6 5. c4 Nf6 6. Nc3 Nxd4 7. Qxd4 d6 8.
Be2 Bg7 9. Qd3 O-O 10. O-O Be6 11. Be3 Qa5 12. Rac1 Rfc8 13. b3 a6 14. f3 Nd7
15. Qd2 b5 16. Nd5 Qxd2 17. Bxd2 Bxd5 18. cxd5 Bd4+ 19. Kh1 Bb2 20. Rxc8+ Rxc8
21. Bd3 Ne5 22. Bb1 Kg7 23. Rd1 h5 $11 1/2-1/2

[Event "306th YMCA Autumn A"]
[Site "Warsaw"]
[Date "2025.10.24"]
[Round "5"]
[White "Laffonta, Matthias"]
[Black "Podgorski, Maciej"]
[Result "1-0"]
[WhiteElo "2113"]
[BlackElo "2012"]
[PlyCount "75"]
[EventDate "2025.09.26"]
[EventType "tourn"]
[EventRounds "1"]
[EventCountry "POL"]
[SourceDate "2025.10.01"]

1. e4 e5 2. Nf3 Nc6 3. a3 d5 4. exd5 Qxd5 5. Nc3 Qd6 6. Bb5 a6 7. Bxc6+ Qxc6 8.
O-O f6 9. d4 exd4 10. Re1+ Kf7 11. Nxd4 Qd6 12. Qe2 Ne7 13. Qc4+ Kg6 14. Nf3 h6
15. Bf4 Qc6 16. Qd3+ Kf7 17. Nd4 Qc5 18. b4 Qh5 19. Qc4+ Kg6 20. Bxc7 Bd7 21.
Rxe7 Bxe7 22. Nd5 Kh7 23. Nxe7 Rhe8 24. Qd3+ Kh8 25. Bd6 Rad8 26. c4 Bg4 27. c5
Rd7 28. h3 Rexe7 29. Bxe7 Be6 30. Bd6 Bg8 31. Re1 Qd5 32. Qe4 Qa2 33. Ne6 Rf7
34. Nf4 g5 35. Ng6+ Kg7 36. Bf8+ Rxf8 37. Nxf8 Kxf8 38. Qe7# 1-0

[Event "306th YMCA Autumn A"]
[Site "Warsaw"]
[Date "2025.10.24"]
[Round "5"]
[White "Kasperkiewicz, Pawel"]
[Black "Flis, Piotr"]
[Result "1/2-1/2"]
[WhiteElo "1928"]
[BlackElo "2062"]
[PlyCount "43"]
[EventDate "2025.09.26"]
[EventType "tourn"]
[EventRounds "1"]
[EventCountry "POL"]
[SourceDate "2025.10.01"]

1. e4 e6 2. d4 d5 3. Nd2 Nc6 4. Ngf3 Nf6 5. e5 Nd7 6. c3 f6 7. exf6 Qxf6 8. Bb5
Bd6 9. Nf1 a6 10. Ba4 O-O 11. Ne3 Ne7 12. O-O c6 13. Bc2 Ng6 14. Ng4 Qe7 15.
Bxg6 hxg6 16. Bg5 Qf7 17. Bh4 Qf5 $11 18. h3 Nf6 19. Bxf6 Rxf6 20. Nxf6+ gxf6
21. Qd2 Kg7 22. Rfe1 $11 1/2-1/2

[Event "306th YMCA Autumn A"]
[Site "Warsaw"]
[Date "2025.10.24"]
[Round "5"]
[White "Majek, Kacper"]
[Black "Rozycki, Bartlomiej"]
[Result "1-0"]
[WhiteElo "2125"]
[BlackElo "2125"]
[PlyCount "95"]
[EventDate "2025.09.26"]
[EventType "tourn"]
[EventRounds "1"]
[EventCountry "POL"]
[SourceDate "2025.10.01"]

1. e4 c5 2. Nf3 d6 3. d4 cxd4 4. Nxd4 Nf6 5. Nc3 Nc6 6. Bg5 e6 7. Qd2 Be7 8.
O-O-O Nxd4 9. Qxd4 O-O 10. f3 a6 11. h4 b5 12. Kb1 Qa5 13. Qd2 b4 14. Ne2 e5
15. c4 Be6 16. Ng3 Rfc8 17. Bd3 Bxc4 18. Bxc4 Rxc4 19. Nf5 Bf8 20. Bxf6 gxf6
21. Rh3 h6 22. Rc1 Qc5 23. Rxc4 Qxc4 24. Rh1 Rc8 25. Ne3 Qe6 26. Nd5 f5 27.
Qxb4 fxe4 28. fxe4 Kh8 29. a4 f5 30. Rf1 f4 31. Qb7 Rc4 32. Nc3 Qc8 33. Qf7 Bg7
34. Rd1 Rd4 35. Qh5 Qc4 36. Qf3 Bf6 37. h5 Bd8 38. Rc1 Rd2 39. Rc2 Rxc2 40.
Kxc2 Ba5 41. Qd3 Qc6 $11 42. Qd5 Qb6 43. Qa8+ Kg7 44. Nd5 Qc5+ 45. Kb3 Kf7 46.
Qb7+ Kg8 47. Nf6+ Kh8 48. Qh7# 1-0

[Event "306th YMCA Autumn A"]
[Site "Warsaw"]
[Date "2025.11.05"]
[Round "6"]
[White "Choroszej, Aleksander"]
[Black "Majek, Kacper"]
[Result "1-0"]
[WhiteElo "2078"]
[BlackElo "2125"]
[PlyCount "82"]
[EventDate "2025.09.26"]
[EventType "tourn"]
[EventRounds "1"]
[EventCountry "POL"]
[SourceDate "2025.10.01"]

1. d4 d5 2. c4 e6 3. Nc3 c5 4. cxd5 exd5 5. Nf3 Nf6 6. g3 Nc6 7. Bg2 Be7 8. O-O
O-O 9. Bg5 c4 10. Ne5 Be6 11. Nxc4 dxc4 12. Bxf6 Bxf6 13. d5 Qb6 14. Qc1 Bd7
15. dxc6 Bxc6 16. e4 Rad8 17. Qc2 Rd3 18. Nd5 Qd4 19. Rad1 Rd8 20. b3 Bb5 21.
Rfe1 c3 22. Bf1 Rd2 23. Rxd2 cxd2 24. Rd1 Bxf1 25. Rxd2 Qe5 26. Kxf1 Re8 27. f3
Bd8 28. Kg2 h5 $11 29. Qb2 Qg5 30. h4 Qh6 31. Qd4 g5 32. hxg5 Bxg5 33. f4 Bd8
34. Qa4 Qe6 35. e5 h4 36. Qe4 Kg7 37. Ne3 hxg3 38. Rd6 Qc8 39. Nf5+ Kg8 40. Rh6
Re6 41. Ne7+ Kf8 $138 1-0

[Event "306th YMCA Autumn A"]
[Site "Warsaw"]
[Date "2025.10.31"]
[Round "6"]
[White "Podgorski, Maciej"]
[Black "Kasperkiewicz, Pawel"]
[Result "1-0"]
[WhiteElo "2012"]
[BlackElo "1928"]
[PlyCount "135"]
[EventDate "2025.09.26"]
[EventType "tourn"]
[EventRounds "1"]
[EventCountry "POL"]
[SourceDate "2025.10.01"]

1. e4 e6 2. d4 d5 3. Nc3 Nf6 4. Bg5 dxe4 5. Nxe4 Be7 6. Bxf6 gxf6 7. Nf3 a6 8.
g3 f5 9. Nc3 Bf6 10. Bg2 O-O 11. O-O c5 12. dxc5 Qa5 13. Qd6 Nc6 14. Nd2 Rd8
15. Nb3 Rxd6 16. Nxa5 Rd2 17. Bxc6 bxc6 18. Na4 Ra7 19. c3 e5 20. Nxc6 Rc7 21.
Na5 Be6 22. Nb3 Rc2 23. Rac1 Rxc1 24. Rxc1 Be7 25. Rd1 Kg7 26. Nb6 Bxc5 27.
Nxc5 Rxc5 28. c4 Rc6 29. Nd7 Bxd7 30. Rxd7 Rxc4 31. Rd5 f6 32. Ra5 Rc6 33. Kf1
Kg6 34. Ke1 Kg5 35. Ra4 f4 36. h3 fxg3 37. fxg3 f5 $11 38. h4+ Kf6 39. Kd2 Ke6
40. Kd3 Kd5 41. Ra5+ Ke6 42. b3 h5 43. Ra4 Rd6+ 44. Ke3 Rc6 45. Rb4 Rc3+ 46.
Kd2 Rxg3 47. Rb6+ Kd5 48. Rxa6 Ke4 49. b4 f4 50. b5 Rg2+ 51. Kc3 Rg1 52. Rf6
Rb1 53. a4 f3 54. Kc4 Ke3 55. a5 e4 56. a6 f2 57. Kc5 f1=Q 58. Rxf1 Rxf1 59. a7
Rc1+ 60. Kd5 Rd1+ 61. Ke5 Ra1 62. b6 Ra5+ 63. Kf6 Ra6 64. Kg5 Ra5+ 65. Kg6 Ra6
66. Kxh5 Ra5+ 67. Kg4 Kf2 68. b7 1-0

[Event "306th YMCA Autumn A"]
[Site "Warsaw"]
[Date "2025.10.31"]
[Round "6"]
[White "Kowalski, Witold"]
[Black "Laffonta, Matthias"]
[Result "1-0"]
[WhiteElo "2077"]
[BlackElo "2113"]
[PlyCount "55"]
[EventDate "2025.09.26"]
[EventType "tourn"]
[EventRounds "1"]
[EventCountry "POL"]
[SourceDate "2025.10.01"]

1. e4 c5 2. Nf3 d6 3. d4 cxd4 4. Nxd4 Nf6 5. Nc3 a6 6. Be3 e6 7. g4 b5 8. g5
Nfd7 9. Bg2 Bb7 10. a3 Nc6 11. h4 Rc8 12. Qe2 Nce5 13. O-O Nc4 14. Bc1 Qb6 15.
Rd1 g6 16. Qg4 Bg7 17. Nce2 O-O 18. h5 e5 19. Nf3 f5 20. gxf6 Nxf6 21. Qe6+ Kh8
22. h6 Nxe4 23. hxg7+ Kxg7 24. Rf1 Rce8 25. Qd7+ Kf6 26. Ng3 g5 27. Nh5+ Kg6
28. Qg7+ 1-0

[Event "306th YMCA Autumn A"]
[Site "Warsaw"]
[Date "2025.10.31"]
[Round "6"]
[White "Chrzaszcz, Malvina"]
[Black "Korsun, Wadym"]
[Result "1-0"]
[WhiteElo "1955"]
[BlackElo "1994"]
[PlyCount "75"]
[EventDate "2025.09.26"]
[EventType "tourn"]
[EventRounds "1"]
[EventCountry "POL"]
[SourceDate "2025.10.01"]

1. e4 e5 2. Nf3 Nc6 3. Bb5 a6 4. Ba4 Nf6 5. O-O b5 6. Bb3 Be7 7. Re1 d6 8. c3
O-O 9. h3 Bb7 10. a4 b4 11. a5 h6 12. d4 bxc3 13. bxc3 Re8 14. Bxf7+ Kxf7 15.
Qb3+ Kg6 16. Qxb7 Qd7 17. Qb3 Bf8 18. d5 Ne7 19. c4 Kh7 20. c5 Ng6 21. c6 Qc8
22. Ra4 Rb8 23. Rb4 Rxb4 24. Qxb4 Be7 25. Na3 Nh5 26. Nc4 Rf8 27. Qc3 Ngf4 28.
Nb6 cxb6 29. axb6 Nxh3+ 30. gxh3 Qe8 31. c7 Qc8 32. Kh2 g5 33. Rg1 Nf6 34. Bxg5
hxg5 35. Nxg5+ Kh8 36. Qg3 Qe8 37. b7 Nh5 38. Qh4 1-0

[Event "306th YMCA Autumn A"]
[Site "Warsaw"]
[Date "2025.10.26"]
[Round "6"]
[White "Nowak, Lukasz"]
[Black "Warszawski, Bartosz"]
[Result "1/2-1/2"]
[WhiteElo "2221"]
[BlackElo "2118"]
[PlyCount "72"]
[EventDate "2025.09.26"]
[EventType "tourn"]
[EventRounds "1"]
[EventCountry "POL"]
[SourceDate "2025.10.01"]

1. d4 Nf6 2. c4 e6 3. Nf3 Bb4+ 4. Nbd2 b6 5. a3 Bxd2+ 6. Qxd2 Bb7 7. e3 O-O 8.
Be2 a5 9. b3 d6 10. O-O Nbd7 11. Bb2 Qe7 12. b4 Ne4 13. Qc2 c5 14. Nd2 f5 15.
f3 Nxd2 16. Qxd2 Rfd8 17. Rfd1 Qg5 18. Bc3 axb4 19. axb4 d5 20. Rxa8 Bxa8 21.
dxc5 bxc5 22. cxd5 Bxd5 23. e4 Qxd2 24. Rxd2 fxe4 25. fxe4 Bxe4 26. bxc5 Bd5
27. Bd4 Nb8 28. Be3 Nc6 29. Bb5 Rb8 30. Bxc6 Bxc6 31. Bf4 Rb1+ 32. Kf2 Bd5 33.
Rc2 Bc6 34. Rd2 Bd5 35. Rc2 Bc6 36. Rd2 Bd5 1/2-1/2

[Event "306th YMCA Autumn A"]
[Site "Warsaw"]
[Date "2025.11.07"]
[Round "7"]
[White "Korsun, Wadym"]
[Black "Nowak, Lukasz"]
[Result "1/2-1/2"]
[WhiteElo "1994"]
[BlackElo "2221"]
[PlyCount "119"]
[EventDate "2025.09.26"]
[EventType "tourn"]
[EventRounds "1"]
[EventCountry "POL"]
[SourceDate "2025.10.01"]

1. e4 e5 2. Nf3 Nc6 3. Bb5 a6 4. Ba4 Nf6 5. d3 d6 6. c3 g6 7. O-O Bg7 8. Re1
O-O 9. h3 Re8 10. Nbd2 h6 11. Nf1 b5 12. Bc2 a5 13. Ng3 d5 14. Be3 Rb8 15. Rc1
Be6 16. a3 a4 17. d4 exd4 18. Nxd4 Bd7 19. f3 Na5 20. Bf2 Nc4 21. Rb1 c5 22.
Nde2 dxe4 23. Nxe4 Nxe4 24. Bxe4 Rc8 25. Nf4 Bc6 26. Nd3 Bxe4 27. fxe4 Qe7 28.
Qc2 Red8 29. Rbd1 Be5 30. Nxe5 Qxe5 31. Qe2 Kg7 32. Qc2 Kg8 33. Qe2 h5 34. Kh1
Rxd1 35. Rxd1 Nd6 36. Kg1 Re8 37. Qd3 Nc4 38. Re1 Qe7 39. Qd5 Nxb2 40. Rb1 Nc4
41. Bxc5 Qxe4 42. Qxe4 Rxe4 43. Rxb5 f5 44. Rb4 Ne5 45. Bd4 Nc6 46. Rxa4 Kf7
47. Rc4 Nxd4 48. cxd4 Re2 49. a4 Ra2 50. d5 Ke7 51. h4 Kd6 52. Rc6+ Kxd5 53.
Rxg6 Rxa4 54. Rg5 Rxh4 55. Rxf5+ Ke6 56. Ra5 Kf6 57. g3 Rg4 58. Rxh5 Rxg3+ 59.
Kf2 Ra3 60. Rd5 1/2-1/2

[Event "306th YMCA Autumn A"]
[Site "Warsaw"]
[Date "2025.11.07"]
[Round "7"]
[White "Laffonta, Matthias"]
[Black "Chrzaszcz, Malvina"]
[Result "1-0"]
[WhiteElo "2113"]
[BlackElo "1955"]
[PlyCount "53"]
[EventDate "2025.09.26"]
[EventType "tourn"]
[EventRounds "1"]
[EventCountry "POL"]
[SourceDate "2025.10.01"]

1. d4 Nf6 2. Nf3 e6 3. Nbd2 c5 4. e3 Nc6 5. b3 d5 6. Bb2 b6 7. a3 Be7 8. Bd3
Bb7 9. O-O O-O 10. Qe2 Rc8 11. dxc5 bxc5 12. c4 Re8 13. Rad1 Qb6 14. e4 Bd8 15.
Rfe1 d4 16. e5 Nd7 17. Qe4 f5 18. exf6 Nxf6 19. Qh4 e5 20. Qh3 Qc7 21. Ng5 h6
22. Nge4 Rb8 23. Nxc5 Bc8 24. Qg3 Nh5 25. Qg6 Nf6 26. Nde4 Qb6 27. Nxf6+ 1-0

[Event "306th YMCA Autumn A"]
[Site "Warsaw"]
[Date "2025.11.13"]
[Round "7"]
[White "Kasperkiewicz, Pawel"]
[Black "Kowalski, Witold"]
[Result "1/2-1/2"]
[WhiteElo "1928"]
[BlackElo "2077"]
[PlyCount "46"]
[EventDate "2025.09.26"]
[EventType "tourn"]
[EventRounds "1"]
[EventCountry "POL"]
[SourceDate "2025.10.01"]

1. e4 e5 2. Nf3 Nc6 3. a3 Nf6 4. Nc3 g6 5. Bc4 Bg7 6. d3 d6 7. h3 O-O 8. Be3
Be6 9. Qd2 a6 10. O-O Qd7 11. Bh6 Rad8 12. Bxg7 Kxg7 13. Rfe1 Nh5 14. Ba2 h6
15. d4 Bxa2 16. Rxa2 Nf4 17. Ne2 g5 18. Raa1 Kh7 19. Nxf4 gxf4 20. dxe5 dxe5
21. Qxd7 Rxd7 22. Rad1 Rfd8 23. Rxd7 Rxd7 $11 1/2-1/2

[Event "306th YMCA Autumn A"]
[Site "Warsaw"]
[Date "2025.11.07"]
[Round "7"]
[White "Majek, Kacper"]
[Black "Flis, Piotr"]
[Result "0-1"]
[WhiteElo "2125"]
[BlackElo "2062"]
[PlyCount "70"]
[EventDate "2025.09.26"]
[EventType "tourn"]
[EventRounds "1"]
[EventCountry "POL"]
[SourceDate "2025.10.01"]

1. Nf3 d5 2. b3 Nf6 3. Bb2 Bg4 4. e3 e6 5. Be2 Bd6 6. O-O Nbd7 7. d3 O-O 8.
Nbd2 h6 9. Re1 e5 10. e4 c6 11. d4 Re8 12. h3 Bxf3 13. Bxf3 exd4 14. exd5 cxd5
15. Rxe8+ Qxe8 16. Bxd4 Be5 17. Nf1 Rc8 18. Ne3 Qe6 19. Rc1 Bf4 20. c3 Ne5 21.
Rc2 Bxe3 22. Bxe3 Qf5 23. Be2 a6 24. Bd4 Ne4 25. Rc1 Qe6 26. f4 Nc6 27. f5 Qe7
28. Bf3 Nxd4 29. cxd4 Re8 30. Rc2 Qf6 31. Bg4 Nd6 32. Re2 Re4 33. Rd2 Nxf5 34.
Qc2 Re1+ 35. Kf2 Qh4+ 0-1

[Event "306th YMCA Autumn A"]
[Site "Warsaw"]
[Date "2025.11.07"]
[Round "7"]
[White "Rozycki, Bartlomiej"]
[Black "Choroszej, Aleksander"]
[Result "1-0"]
[WhiteElo "2125"]
[BlackElo "2078"]
[PlyCount "85"]
[EventDate "2025.09.26"]
[EventType "tourn"]
[EventRounds "1"]
[EventCountry "POL"]
[SourceDate "2025.10.01"]

1. e4 g6 2. d4 Bg7 3. Nc3 d6 4. f4 Nf6 5. Nf3 O-O 6. Bd3 Nc6 7. O-O e5 8. d5
Nd4 9. f5 c6 10. Bg5 h6 11. Bxf6 Bxf6 12. Kh1 Kg7 13. Nd2 Qe7 14. a4 Bd7 15. a5
c5 16. Ncb1 Nb5 17. Nc4 Nc7 18. Qf3 Kh7 19. Nbd2 Ne8 20. Rab1 Rb8 21. b4 cxb4
22. Rxb4 Nc7 23. Rfb1 Bc8 24. Ne3 Bg5 25. Rf1 Rg8 26. Rb2 b6 27. Rfb1 Na6 28.
axb6 axb6 29. Rxb6 Rxb6 30. Rxb6 Qa7 31. Ndc4 Nc5 32. Rxd6 Ba6 33. fxg6+ fxg6
34. h4 Bf4 35. g3 Nxd3 36. cxd3 Bxc4 37. Nxc4 Rf8 38. Rb6 Qa1+ 39. Kh2 Qe1 40.
Rb2 h5 41. Qf2 Qa1 42. Kg2 Bxg3 43. Qxf8 1-0

[Event "306th YMCA Autumn A"]
[Site "Warsaw"]
[Date "2025.11.05"]
[Round "8"]
[White "Flis, Piotr"]
[Black "Rozycki, Bartlomiej"]
[Result "0-1"]
[WhiteElo "2062"]
[BlackElo "2125"]
[PlyCount "120"]
[EventDate "2025.09.26"]
[EventType "tourn"]
[EventRounds "1"]
[EventCountry "POL"]
[SourceDate "2025.10.01"]

1. Nf3 Nf6 2. c4 e6 3. Nc3 d5 4. e3 Bd6 5. b3 O-O 6. Bb2 Re8 7. Rc1 b6 8. cxd5
exd5 9. Nb5 Bb7 10. Nxd6 Qxd6 11. Bxf6 Qxf6 12. d4 c6 13. Bd3 Nd7 14. O-O a6
15. Qc2 g6 16. Rfd1 c5 17. a3 Rac8 18. Qe2 b5 19. dxc5 Nxc5 20. Nd4 Ne6 21.
Nxe6 Qxe6 22. Qb2 d4 23. exd4 Rxc1 24. Qxc1 Qxb3 25. Bf1 Rc8 26. Qa1 Bd5 27.
Rc1 Rc2 28. Rxc2 Qxc2 29. Qe1 Qe4 30. Qa5 Qxd4 31. Qxa6 Bc4 32. Qc8+ Kg7 33.
Bxc4 bxc4 34. h4 c3 35. Qc7 Kf6 36. Qc6+ Ke5 37. g3 Qd3 38. Qe8+ Kd4 39. Qd7+
Kc4 40. Qa4+ Kd5 41. Qd7+ Ke4 42. Qb7+ Qd5 43. Qb1+ Kd4 44. Qd1+ Kc5 45. Qe2
Qc4 46. Qe7+ Kb5 47. Qe8+ Qc6 48. a4+ Kc5 49. Qe7+ Kb6 50. Qb4+ Ka6 51. Qf4 c2
52. Qc1 Qc4 53. Kg2 Qd5+ 54. f3 Qd1 55. Qg5 c1=Q 56. Qb5+ Ka7 57. Qa5+ Kb7 58.
Qb5+ Kc7 59. Qa5+ Kd7 60. Qb5+ Qc6 0-1

[Event "306th YMCA Autumn A"]
[Site "Warsaw"]
[Date "2025.11.25"]
[Round "8"]
[White "Podgorski, Maciej"]
[Black "Majek, Kacper"]
[Result "0-1"]
[WhiteElo "2012"]
[BlackElo "2125"]
[PlyCount "102"]
[EventDate "2025.09.26"]
[EventType "tourn"]
[EventRounds "1"]
[EventCountry "POL"]
[SourceDate "2025.10.01"]

1. e4 e5 2. Nf3 Nc6 3. Bc4 Bc5 4. d3 Nf6 5. Nbd2 d6 6. c3 O-O 7. Bb3 a5 8. a4
Ba7 9. Qe2 Be6 10. Bc2 Ne7 11. d4 Ng6 12. O-O Nh5 13. Nb3 Nhf4 14. Qe3 Bb6 15.
Kh1 Qc8 16. g3 Bc4 17. Rg1 Nh3 18. Re1 Re8 19. Ng1 Bxb3 20. Bxb3 exd4 21. Qf3
Ne5 22. Qg2 Nxg1 23. Kxg1 Qg4 24. Bd1 Qd7 25. cxd4 Bxd4 26. Ra3 Bc5 27. Rb3 Bb4
28. Rf1 Qxa4 29. f4 Nc6 30. Kh1 Qb5 31. f5 Nd4 32. Re3 Qc4 33. Bg4 Re5 34. f6
h5 35. Bf3 g6 36. g4 Nxf3 37. Rexf3 Qxe4 38. gxh5 Rxh5 39. Be3 Re8 40. b3 d5
41. Bf4 c6 42. h3 d4 43. Kh2 Qd5 44. Qg4 Bd6 45. Kh1 Bxf4 46. Qxf4 d3 47. Kh2
Re2+ 48. R1f2 Qe5 49. Qxe5 Rhxe5 50. Kg2 d2 51. Rd3 Rd5 0-1

[Event "306th YMCA Autumn A"]
[Site "Warsaw"]
[Date "2025.11.20"]
[Round "8"]
[White "Chrzaszcz, Malvina"]
[Black "Kasperkiewicz, Pawel"]
[Result "0-1"]
[WhiteElo "1955"]
[BlackElo "1928"]
[PlyCount "118"]
[EventDate "2025.09.26"]
[EventType "tourn"]
[EventRounds "1"]
[EventCountry "POL"]
[SourceDate "2025.10.01"]

1. e4 e5 2. Nf3 Nc6 3. Bb5 Nge7 4. O-O g6 5. c3 Bg7 6. d4 exd4 7. cxd4 d5 8. e5
O-O 9. Nc3 Bg4 10. Be3 f6 11. exf6 Rxf6 12. Be2 h6 13. h3 Be6 14. Qd2 Kh7 15.
Rac1 Rf7 16. g4 Qd7 17. Nh4 Bf6 18. Ng2 Bg7 19. Nf4 Rxf4 20. Bxf4 Nxd4 21. Bd1
Rf8 22. f3 c5 23. Ne2 b6 24. Kg2 Nec6 25. Be3 Nxe2 26. Bxe2 d4 27. Bf4 Ne7 28.
Bg3 Nd5 29. Rfe1 Ne3+ 30. Kh2 Bd5 31. f4 Bc6 32. Bd3 Qd5 33. Re2 Qxa2 34. Bb1
Qd5 35. Qd3 Qf7 36. b3 Re8 37. f5 gxf5 38. gxf5 Be4 39. Qb5 Bxb1 40. Rxb1 Be5
41. Bxe5 Rxe5 42. b4 Rxf5 43. Qd3 Kh8 44. Rxe3 dxe3 45. Qxe3 Qc7+ 46. Kh1 Qc6+
47. Kh2 Qd6+ 48. Kh1 Qd5+ 49. Kh2 Qe5+ 50. Qxe5+ Rxe5 51. Ra1 Re7 52. bxc5 bxc5
53. Ra6 Rc7 54. Rxh6+ Kg7 55. Ra6 c4 56. Ra1 Kf6 57. Kg3 Ke5 58. Kf3 Kd4 59. h4
Kd3 $138 0-1

[Event "306th YMCA Autumn A"]
[Site "Warsaw"]
[Date "2025.11.15"]
[Round "8"]
[White "Nowak, Lukasz"]
[Black "Laffonta, Matthias"]
[Result "1/2-1/2"]
[WhiteElo "2221"]
[BlackElo "2113"]
[PlyCount "92"]
[EventDate "2025.09.26"]
[EventType "tourn"]
[EventRounds "1"]
[EventCountry "POL"]
[SourceDate "2025.10.01"]

1. d4 d5 2. c4 e6 3. Nf3 Nd7 4. g3 dxc4 5. Bg2 Bb4+ 6. Bd2 Bd6 7. Qc2 a6 8. O-O
Rb8 9. Qxc4 b5 10. Qc2 Bb7 11. Ba5 Qe7 12. Nbd2 Rc8 13. Rac1 Ngf6 14. e4 Bb4
15. Bxb4 Qxb4 16. a3 Qe7 17. b4 O-O 18. Rfe1 a5 19. Qd3 c6 20. bxa5 Rfd8 21.
Qc3 c5 22. dxc5 Nxc5 23. Qb4 Qf8 24. Ne5 Nd3 25. Qxf8+ Kxf8 26. Rxc8 Bxc8 27.
Nxd3 Rxd3 28. Nb1 Ke7 29. Bf1 Rb3 30. f3 Nd7 31. Rc1 Ba6 32. Rc6 Nb8 33. Rb6
Rxb1 34. Rxb8 b4 35. axb4 Bxf1 36. Kf2 g6 37. Rb6 Bc4 38. a6 Bxa6 39. Rxa6 Rxb4
40. g4 g5 41. Kg3 Rb3 42. Ra8 Kf6 43. Rg8 h6 44. Ra8 Kg7 45. Ra7 Rc3 46. Rb7
Ra3 1/2-1/2

[Event "306th YMCA Autumn A"]
[Site "Warsaw"]
[Date "2025.11.22"]
[Round "9"]
[White "Kasperkiewicz, Pawel"]
[Black "Nowak, Lukasz"]
[Result "1/2-1/2"]
[WhiteElo "1928"]
[BlackElo "2221"]
[PlyCount "124"]
[EventDate "2025.09.26"]
[EventType "tourn"]
[EventRounds "1"]
[EventCountry "POL"]
[SourceDate "2025.10.01"]

1. e4 c5 2. Nf3 d6 3. Bb5+ Nd7 4. O-O a6 5. Bd3 Ngf6 6. c3 b5 7. Bc2 Bb7 8. Re1
e6 9. d4 Be7 10. a4 O-O 11. Nbd2 Qb6 12. e5 Nd5 13. Ne4 dxe5 14. dxe5 Rfd8 15.
Qe2 Nf8 16. h4 Ng6 17. g3 h6 18. h5 Nf8 19. Nh2 c4 20. Qg4 Kh8 21. Qf3 f5 22.
exf6 Nxf6 23. Ng4 N8d7 24. Be3 Qc6 25. Ngxf6 Nxf6 26. axb5 Qxb5 27. Ra2 Qxh5
28. Qxh5 Nxh5 29. Bd4 Bd5 30. Nc5 Bxc5 31. Bxc5 Nf6 32. Bg6 Rdb8 33. Bb4 Rb5
34. Rea1 Rb6 35. Ra5 Ne4 36. Rd1 Ng5 37. f4 Ne4 38. Kh2 Nf2 39. Rd2 Ng4+ 40.
Kh3 Nf6 41. Re2 Rb5 42. Re3 Rxa5 43. Bxa5 Rb8 44. Bb4 a5 45. Ba3 Kg8 46. g4 Nd7
47. Kg3 Nf8 48. Bc2 g6 49. Re2 Kh7 50. Ba4 h5 51. Bd6 Rc8 52. Bc2 hxg4 53. Kxg4
Kg7 54. Be5+ Kf7 55. Rh2 Rc6 56. Ba4 Rb6 57. Bd4 Rb7 58. Kg5 Be4 59. Bc5 Kg7
60. Bd4+ Kf7 61. Bc5 Kg7 62. Bd4+ Kf7 1/2-1/2

[Event "306th YMCA Autumn A"]
[Site "Warsaw"]
[Date "2025.12.04"]
[Round "9"]
[White "Majek, Kacper"]
[Black "Kowalski, Witold"]
[Result "1/2-1/2"]
[WhiteElo "2125"]
[BlackElo "2077"]
[PlyCount "72"]
[EventDate "2025.09.26"]
[EventType "tourn"]
[EventRounds "1"]
[EventCountry "POL"]
[SourceDate "2025.10.01"]

1. e4 c5 2. Nf3 d6 3. d4 cxd4 4. Nxd4 Nf6 5. Nc3 a6 6. Rg1 h5 7. Be3 e6 8. h3
b5 9. a3 Bb7 10. f3 h4 11. Qd2 Be7 12. O-O-O Nbd7 13. Kb1 Rc8 14. g4 hxg3 15.
Rxg3 g6 16. Nb3 Ne5 17. Qf2 Kf8 18. Bb6 Qe8 19. Na5 Ba8 20. Bd4 Rh7 21. Qe3 Nc6
22. Bb6 Nxa5 23. Bxa5 d5 24. e5 Nd7 25. Ne2 Bc5 26. Nd4 Qe7 27. Qf4 Kg7 28. Rg5
Rch8 29. Qg3 Nb8 30. Bc3 Nc6 31. Nxc6 Bxc6 32. f4 Kf8 33. b4 Ba7 34. Kb2 Ke8
35. Bd4 Bxd4+ 36. Rxd4 Kd7 $11 1/2-1/2

[Event "306th YMCA Autumn A"]
[Site "Warsaw"]
[Date "2025.11.06"]
[Round "9"]
[White "Rozycki, Bartlomiej"]
[Black "Podgorski, Maciej"]
[Result "1-0"]
[WhiteElo "2125"]
[BlackElo "2012"]
[PlyCount "85"]
[EventDate "2025.09.26"]
[EventType "tourn"]
[EventRounds "1"]
[EventCountry "POL"]
[SourceDate "2025.10.01"]

1. e4 e5 2. Nf3 Nc6 3. Bb5 a6 4. Ba4 d6 5. c3 Bd7 6. O-O Nf6 7. Re1 g6 8. d4
Bg7 9. h3 O-O 10. Bc2 Nh5 11. a4 h6 12. g4 Nf6 13. d5 Ne7 14. c4 Nh7 15. Nc3 f5
16. exf5 gxf5 17. Nh4 Qe8 18. Ra3 Qf7 19. gxf5 Ng5 20. Bxg5 hxg5 21. Nf3 Qh5
22. Ne4 Bxf5 23. Nfxg5 Qh4 24. Rg3 Ng6 25. Ne6 Bxe6 26. dxe6 Nf4 27. Ng5 Rae8
28. Be4 Rf6 29. c5 d5 30. Bxd5 Rg6 31. e7+ Kh8 32. Nf7+ Kh7 33. Be4 Rxe7 34.
Ng5+ Kg8 35. Qd8+ Bf8 36. Bxg6 Nxg6 37. Ne6 Qxg3+ 38. fxg3 Rxe6 39. Qd5 Kf7 40.
Qd7+ Re7 41. Rf1+ Kg7 42. Qf5 Kh7 43. h4 1-0

[Event "306th YMCA Autumn A"]
[Site "Warsaw"]
[Date "2025.11.21"]
[Round "9"]
[White "Choroszej, Aleksander"]
[Black "Flis, Piotr"]
[Result "1/2-1/2"]
[WhiteElo "2078"]
[BlackElo "2062"]
[PlyCount "46"]
[EventDate "2025.09.26"]
[EventType "tourn"]
[EventRounds "1"]
[EventCountry "POL"]
[SourceDate "2025.10.01"]

1. d4 Nf6 2. c4 g6 3. Nc3 d5 4. cxd5 Nxd5 5. e4 Nxc3 6. bxc3 Bg7 7. Nf3 c5 8.
Rb1 O-O 9. Be2 Nc6 10. d5 Ne5 11. Nxe5 Bxe5 12. Qd2 e6 13. f4 Bc7 14. Bc4 a6
15. a4 b5 16. axb5 axb5 17. Bxb5 exd5 18. Bc6 Ra6 19. Bxd5 Rd6 20. O-O Bf5 21.
Qf2 Rxd5 22. exf5 Rxf5 23. Be3 h5 $11 1/2-1/2